000 01281nam a2200373Ia 4500
005 20220317000302.0
007 ta
008 210824s2008 sp a0 sba s 1 spa d
020 _a9788493618575
040 _aCO-BoRNBP
_bspa
_erda
_cCO-BoRNBP
041 0 _aspa
084 _aA RAN2
100 1 _aRand Ozbekhan, Ann
_eautora
245 1 0 _aSé muchas cosas
_cAnn Rand Ozbekhan ; ilustrado Paul Rand ; traducido por Carles Andreu y Albert Vitó
250 _aPrimera edición
264 1 _aMadrid
_bBarbara Fiore
_c2008
300 _a29 páginas
_bilustraciones
_c26 cm
336 _atexto
_btxt
_2rdacontent
337 _asin mediación
_bn
_2rdamedia
338 _avolumen
_bnc
_2rdacarrier
521 _aRecomendado para un público infantil mayor de 6 años
534 _bI know lot of things
650 1 7 _aÁlbumes infantiles estadounidenses
_2LEMB
650 1 7 _aLiteratura infantil estadounidense
_2LEMB
650 1 7 _aAutores estadounidenses
_2LEMB
650 1 7 _aConocimiento
_vÁlbum
_2LEMB
650 1 4 _aCosas
_vÁlbum
_2LEMB
650 1 7 _2LEMB
_aImaginación
_vÁlbum
650 1 7 _aCreatividad
_2LEMB
700 1 _aVitó, Alberto
_etraductor
_9183988
700 1 _aAndreu, Carles
_etraductor
_910000
700 1 _aRand, Paul
_eilustrador
_9183989
942 _2loc
_cBKINF
999 _c3619
_d3619